Które miasto w Hiszpanii? - Statystyki

Ogólne statystyki
  • Ten quiz został rozwiązany 130 razy
  • Średni wynik to 13 z 20
Statystyki odpowiedzi
Opis Litera Miasto % Poprawnych
Największe miasto w Katalonii B Barcelona
100%
Stolica M Madryt
100%
Paella pochodzi z tego miasta na wschodnim wybrzeżu W Walencja
93%
Stolica Andaluzji S Sewilla
90%
Baskijskie miasto, w którym znajduje się Muzeum Guggenheima B Bilbao
86%
Popularne miasto wypoczynkowe/wyspa na Balearach I Ibiza
85%
Gdzie można biegać z bykami P Pampeluna
82%
Najbardziej wysunięte na południe duże miasto w Europie. Miejsce urodzenia Picassa. M Malaga
80%
Stolica wyspy Gran Canaria (L)P Las Palmas
77%
Ostatnie muzułmańskie miasto w Hiszpanii. Siedziba pałacu Alhambra G Grenada
68%
Największe miasto nad rzeką Ebro S Saragossa
66%
Autonomiczne eksklawy na wybrzeżu Maroka C Ceuta
64%
Stolica Asturii O Oviedo
52%
Stolica dawnego królestwa w północno-zachodniej Hiszpanii L León
46%
Dawna stolica kalifatu Al-Andalus, jedno z największych miast świata w 1000 r. n.e. K Kordoba
45%
Słynny z broni białej. Nazwa miasta w Ohio T Toledo
44%
Autonomiczne eksklawy na wybrzeżu Maroka M Melilla
43%
Znajduje się tu Wieża Herkulesa, latarnia morska zbudowana w II wieku (A)C A Coruña
35%
Stolica Galicji. Pielgrzymi przybywają tam, aby zobaczyć sanktuarium św. Jakuba. S Santiago de Compostela
35%
Miasto w Andaluzji słynące z wina sherry i octu J Jerez de la Frontera
7%
Nie znaleziono quizów pasujących do podanych kryteriów
Rozkład punktacji
Procent ludzi z każdym wynikiem
Percentyl według liczby udzielonych odpowiedzi
Twoja historia wyników
Nie rozwiązałeś tego quizu